| 000 | 00609nam a2200205 a 4500 | ||
|---|---|---|---|
| 020 | _a0582513022 | ||
| 020 | _a0521275199 (pbk.) | ||
| 040 | _cDLC | ||
| 082 | 0 | _a808 ENG 1985 C096 Or. | |
| 100 | 1 | 0 | _aTrimble, Louis, |
| 245 | 1 | 0 |
_aEnglish for science and technology : _ba discourse approach / |
| 260 | 0 |
_aCambridge ; _aNew York : _bCambridge University Press, _c1985 |
|
| 300 |
_aviii, 180 p. : _bill. ; _c24 cm |
||
| 490 | 1 | _aCambridge language teaching library | |
| 500 | _aIncludes index | ||
| 650 | 0 | _aEnglish language | |
| 650 | 0 | _aEnglish language | |
| 650 | 0 | _aTechnical writing | |
| 942 | _cAEDBB | ||
| 999 |
_c22330 _d22330 |
||